Voluntary organisations and social progress (Record no. 432135)

000 -LEADER
fixed length control field 00370cam a22001217a 4500
008 - FIXED-LENGTH DATA ELEMENTS--GENERAL INFORMATION
fixed length control field 180718b1955 xxu||||| |||| 00| 0 eng d
082 ## - DEWEY DECIMAL CLASSIFICATION NUMBER
Classification number Q100x42 M833
100 ## - MAIN ENTRY--PERSONAL NAME
Personal name Morris, Morris
245 ## - TITLE STATEMENT
Title Voluntary organisations and social progress
Statement of responsibility, etc. by Mary Morris
260 ## - PUBLICATION, DISTRIBUTION, ETC.
Place of publication, distribution, etc. London
Name of publisher, distributor, etc. Victor Gollancz
Date of publication, distribution, etc. 1955
300 ## - PHYSICAL DESCRIPTION
Extent 224p.
650 ## - SUBJECT ADDED ENTRY--TOPICAL TERM
Topical term or geographic name entry element Social progress-England-Voluntary bodies
Holdings
Withdrawn status Lost status Damaged status Not for loan Permanent Location Current Location Date acquired Full call number Barcode Date last seen Price effective from Koha item type
        Indian Institute of Public Administration Indian Institute of Public Administration 2010-01-28 Q100x42 M833 11740 2018-07-21 2018-07-21 Book
        Indian Institute of Public Administration Indian Institute of Public Administration 2010-01-28 Q100x42 M833 7304 2018-07-21 2018-07-21 Book

Powered by Koha